| 000 | 00596nam a2200205 a 4500 | ||
|---|---|---|---|
| 005 | 20240228063913.0 | ||
| 008 | 080303s19972003mx r 000 0 spa d | ||
| 020 | _a8426120679 | ||
| 035 | _aUPN01000154689 | ||
| 049 | _aI | ||
| 050 | 4 |
_aPZ71 _bO9.8 1997 |
|
| 100 | 1 |
_aOxenbury, Helen, _d1938- _929786 |
|
| 245 | 1 | 3 |
_aLa visita / _cHelen Oxenbury ; tr. Concepción Zendrera. |
| 250 | _a3a ed. | ||
| 260 |
_aBarcelona, Esp. : _bJuventud, _c1997 (2003 reimp. ) |
||
| 300 | _a[18] p. | ||
| 650 | 4 |
_aCuentos infantiles _96744 |
|
| 650 | 4 |
_aLibros y lectura para niños _92290 |
|
| 905 | _aInfantil | ||
| 999 |
_c126806 _d126806 |
||